[Event "World Cup Knockout ((tie-break)) 2019"]
[Site "Khanty-Mansiysk RUS"]
[Date "2019.09.15"]
[Round "2"]
[White "Vitiugov, Nikita"]
[Black "Huschenbeth, Niclas"]
[Result "1-0"]
[WhiteElo "2732"]
[BlackElo "2620"]
[PlyCount "103"]
[EventDate "2019.09.10"]

1. d4 Nf6 2. c4 e6 3. Nc3 Bb4 4. e3 O-O 5. Nf3 d5 6. Bd2 c5 7. a3 Bxc3 8. Bxc3
Ne4 9. Rc1 Nxc3 10. Rxc3 cxd4 11. Nxd4 dxc4 12. Bxc4 Bd7 13. O-O Nc6 14. Nb3
Ne5 15. Be2 Bc6 16. Qxd8 Rfxd8 17. Nd4 Bd5 18. Rfc1 g6 19. f3 a6 20. Kf2 Rd6
21. Nc2 Bc6 22. Nb4 Be8 23. f4 Nc6 24. Nd3 Ne7 25. Rc7 Nd5 26. Rc8 Rxc8 27.
Rxc8 Kf8 28. e4 Ne7 29. Rb8 b6 30. Ne5 b5 31. Ng4 Nc6 32. Ra8 Ke7 33. e5 Rd8
34. Rxa6 Nd4 35. Nf6 Rc8 36. Bd3 b4 37. axb4 Rb8 38. g4 h5 39. Ke3 Nc6 40. b5
Nb4 41. Ra7+ Kf8 42. Bc4 hxg4 43. Nxe8 Kxe8 44. Kd4 Rc8 45. b3 Nc2+ 46. Kc3 Ne3
47. Kb4 Rb8 48. Ka5 Nf5 49. b6 Nd4 50. b7 Nc6+ 51. Kb6 Nxa7 52. Kxa7 1-0

[Event "World Cup Knockout ((tie-break)) 2019"]
[Site "Khanty-Mansiysk RUS"]
[Date "2019.09.15"]
[Round "2"]
[White "Wei, Yi"]
[Black "Anton Guijarro, David"]
[Result "1/2-1/2"]
[WhiteElo "2721"]
[BlackElo "2674"]
[PlyCount "142"]
[EventDate "2019.09.10"]

1. d4 d5 2. g3 Nf6 3. Bg2 c6 4. Nf3 Bf5 5. O-O e6 6. Nh4 Be4 7. f3 Bg6 8. Nxg6
hxg6 9. e4 dxe4 10. fxe4 e5 11. c3 Nbd7 12. Be3 Qc7 13. Nd2 Be7 14. Qe2 O-O-O
15. b4 Rh7 16. d5 Rdh8 17. dxc6 Qxc6 18. h4 Kb8 19. Bf3 Rc8 20. Rac1 Qe6 21.
Kg2 Nb6 22. c4 Bxb4 23. c5 Bxd2 24. Bxd2 Nbd7 25. Be3 Rhh8 26. Rc3 Qc6 27. Rd1
Rhd8 28. Qb2 Nf8 29. Rcc1 Rxd1 30. Qxe5+ Qc7 31. Qxc7+ Rxc7 32. Bxd1 Ne6 33.
Bb3 Re7 34. Bd5 Nc7 35. Bf4 Kc8 36. Bb3 Nxe4 37. c6 b5 38. Re1 f5 39. g4 Ne6
40. Be5 Nd8 41. Bd6 Re8 42. Bh2 Nf6 43. Rxe8 Nxe8 44. g5 Nxc6 45. Bf7 Kd7 46.
Bxg6 Ne7 47. Bf7 Nd6 48. g6 Nxf7 49. gxf7 Ng6 50. h5 Nf8 51. Be5 Ke6 52. Bxg7
Kxf7 53. Bc3 Ne6 54. Kf3 Kg8 55. Kg3 Kf7 56. Kf3 a6 57. Kg3 Kf8 58. Kf3 Kg8 59.
Kg3 Kf7 60. Kf3 Nc7 61. Kg3 Nd5 62. Bd4 Kg8 63. Kh4 Nc7 64. Bc3 Ne6 65. Kg3 Kh7
66. Bd2 Kg7 67. Kf3 Kf6 68. Kg3 Nc5 69. Kf4 Ne6+ 70. Kg3 Kg7 71. Kf3 Kf6
1/2-1/2

[Event "World Cup Knockout ((tie-break)) 2019"]
[Site "Khanty-Mansiysk RUS"]
[Date "2019.09.15"]
[Round "2"]
[White "Matlakov, Maxim"]
[Black "Gelfand, Boris"]
[Result "1-0"]
[WhiteElo "2716"]
[BlackElo "2686"]
[PlyCount "73"]
[EventDate "2019.09.10"]

1. d4 Nf6 2. c4 e6 3. Nf3 d5 4. Nc3 c6 5. Bg5 h6 6. Bxf6 Qxf6 7. e3 g6 8. Be2
Bg7 9. O-O O-O 10. Ne5 c5 11. cxd5 cxd4 12. exd4 exd5 13. Bf3 Nc6 14. Re1 Qd6
15. Nxf7 Rxf7 16. Bxd5 Bf5 17. g4 Bd7 18. Bxf7+ Kxf7 19. Nb5 Qb4 20. Qf3+ Kg8
21. Qd5+ Kh7 22. Qxd7 Qxb5 23. Re7 Rg8 24. Rae1 Qxb2 25. Qxb7 Qc2 26. Qc7 Qa4
27. Qd7 Qc4 28. Rf7 Nxd4 29. Ree7 Kh8 30. Kg2 Nc2 31. Qe6 Qd3 32. Re8 Rxe8 33.
Qxe8+ Kh7 34. Qe5 Ne1+ 35. Qxe1 Qd5+ 36. Rf3 Qxa2 37. Qe4 1-0

[Event "World Cup Knockout ((tie-break)) 2019"]
[Site "Khanty-Mansiysk RUS"]
[Date "2019.09.15"]
[Round "2"]
[White "Jakovenko, Dmitry"]
[Black "Jones, Gawain C B"]
[Result "1-0"]
[WhiteElo "2681"]
[BlackElo "2688"]
[PlyCount "147"]
[EventDate "2019.09.10"]

1. e4 e5 2. Nf3 Nc6 3. Bb5 a6 4. Ba4 Nf6 5. O-O Bc5 6. c3 b5 7. Bb3 d6 8. d4
Bb6 9. a4 Rb8 10. a5 Ba7 11. h3 O-O 12. Be3 exd4 13. cxd4 Nb4 14. Nc3 Bb7 15.
Re1 c5 16. Bg5 h6 17. Bh4 c4 18. Bc2 g5 19. Nxg5 hxg5 20. Bxg5 Nxc2 21. Qxc2 b4
22. Nd5 Bxd5 23. exd5 Bxd4 24. Qxc4 Bxb2 25. Rab1 Bc3 26. Qh4 Re8 27. Rxe8+
Qxe8 28. Bxf6 Bxf6 29. Qxf6 Qe5 30. Qxe5 dxe5 31. h4 Kf8 32. h5 Rd8 33. Rxb4
Rxd5 34. Rg4 e4 35. h6 Rh5 36. Rxe4 Rxh6 37. Re5 Rh4 38. f3 Ra4 39. Kh2 Kg7 40.
Rc5 f6 41. g4 Kg6 42. Kg3 Ra3 43. Rf5 Ra4 44. Kf2 Ra3 45. Ke2 Rb3 46. Rc5 Ra3
47. Rd5 Kf7 48. Rc5 Kg6 49. Kf2 Kf7 50. Kg3 Ra4 51. g5 fxg5 52. Rxg5 Kf6 53.
Rc5 Ke7 54. f4 Ra1 55. Kg4 Rg1+ 56. Kf5 Ra1 57. Kg6 Rg1+ 58. Rg5 Rf1 59. Re5+
Kd6 60. Rf5 Rg1+ 61. Rg5 Rf1 62. f5 Ke7 63. Rg2 Rf3 64. Re2+ Kf8 65. Re6 Rg3+
66. Kf6 Rh3 67. Ke5 Re3+ 68. Kf4 Ra3 69. Rxa6 Kf7 70. Ra8 Kf6 71. a6 Ra4+ 72.
Ke3 Ra3+ 73. Kd4 Kg7 74. a7 1-0

[Event "World Cup Knockout ((tie-break)) 2019"]
[Site "Khanty-Mansiysk RUS"]
[Date "2019.09.15"]
[Round "2"]
[White "Xiong, Jeffery"]
[Black "Tabatabaei, M.amin"]
[Result "1-0"]
[WhiteElo "2707"]
[BlackElo "2642"]
[PlyCount "113"]
[EventDate "2019.09.10"]

1. Nf3 d5 2. d4 Nf6 3. c4 e6 4. Nc3 Be7 5. Bf4 O-O 6. a3 Nbd7 7. Nb5 Ne8 8. e3
dxc4 9. Bxc4 Nd6 10. Nxd6 Bxd6 11. Bxd6 cxd6 12. O-O b6 13. Rc1 Bb7 14. d5 e5
15. Bb5 Nf6 16. Bc6 Qe7 17. Nxe5 dxe5 18. d6 Qe6 19. Bxb7 Rad8 20. Qa4 a5 21.
Rfd1 Rxd6 22. Rc6 Rxc6 23. Qxc6 Qb3 24. Rd2 h5 25. h3 h4 26. Ba6 Qa2 27. Qxb6
Qb1+ 28. Kh2 Qe1 29. Re2 Qd1 30. Qxa5 Ne4 31. Qb4 Ng5 32. Qxh4 Ra8 33. Bc4 Ra4
34. b4 Ne6 35. Ra2 Qd6 36. Qe4 Ng5 37. Qd5 Qc7 38. Ra1 g6 39. Bb3 Ra6 40. Qc4
Rc6 41. Qg4 e4+ 42. Qg3 Qe7 43. Bd5 Rc2 44. h4 Nh7 45. Qxg6+ Kh8 46. Qxe4 Qc7+
47. Qf4 Qe7 48. Rd1 Rc8 49. Bxf7 Rf8 50. Qd4+ Nf6 51. Bg6 Qg7 52. h5 Rc8 53.
Kg1 Rf8 54. b5 Qe7 55. a4 Kg7 56. b6 Qb7 57. Rc1 1-0

[Event "World Cup Knockout ((tie-break)) 2019"]
[Site "Khanty-Mansiysk RUS"]
[Date "2019.09.15"]
[Round "2"]
[White "Movsesian, Sergei"]
[Black "Ding, Liren"]
[Result "1/2-1/2"]
[WhiteElo "2654"]
[BlackElo "2811"]
[PlyCount "158"]
[EventDate "2019.09.10"]

1. c4 Nf6 2. Nf3 e6 3. b3 d5 4. Bb2 c5 5. g3 Nc6 6. Bg2 d4 7. O-O e5 8. e3 Be7
9. exd4 exd4 10. d3 O-O 11. h3 h6 12. Re1 Bd6 13. Na3 Bf5 14. Nc2 a5 15. a3 Qd7
16. Kh2 Rae8 17. Rxe8 Rxe8 18. b4 b6 19. bxc5 bxc5 20. Nce1 g5 21. Bc1 Ne7 22.
Rb1 Ng6 23. Bd2 a4 24. Rb5 g4 25. hxg4 Nxg4+ 26. Kg1 Qc8 27. Ra5 Bd7 28. Nh2 h5
29. Ra8 Bb8 30. Nxg4 hxg4 31. Qb1 Qc7 32. Ba5 Qd6 33. Qb7 Ne5 34. Ra6 Bc8 35.
Qb5 Qe7 36. Ra8 Bd7 37. Qb6 Qd6 38. Kf1 Qxb6 39. Bxb6 Bd6 40. Rxe8+ Bxe8 41.
Ke2 f5 42. Bd5+ Kg7 43. Ng2 Ng6 44. Bd8 Bd7 45. Bg5 Be7 46. Bd2 Bd6 47. Ba5 f4
48. gxf4 Nxf4+ 49. Nxf4 Bxf4 50. Bb6 Bd6 51. Bd8 Kg6 52. Be4+ Kf7 53. Bg5 Ke6
54. Bd5+ Kf5 55. Bh4 Kg6 56. Be4+ Kf7 57. Bg5 Ke6 58. Kf1 Be5 59. Bd5+ Kd6 60.
Ke2 Bc6 61. Bf7 Bf3+ 62. Kd2 g3 63. fxg3 Bxg3 64. Be8 Bc6 65. Bh5 Kc7 66. Ke2
Bd6 67. Kf2 Kd7 68. Bg4+ Kc7 69. Ke2 Be5 70. Kf2 Bd6 71. Bd2 Be5 72. Bf3 Bxf3
73. Kxf3 Kc6 74. Ke4 Bc7 75. Kf5 Kd7 76. Be1 Kc6 77. Ke4 Bd6 78. Ba5 Bg3 79.
Bd2 Bc7 1/2-1/2

[Event "World Cup Knockout ((tie-break)) 2019"]
[Site "Khanty-Mansiysk RUS"]
[Date "2019.09.15"]
[Round "2"]
[White "Giri, Anish"]
[Black "Najer, Evgeniy"]
[Result "1/2-1/2"]
[WhiteElo "2780"]
[BlackElo "2635"]
[PlyCount "73"]
[EventDate "2019.09.10"]

1. c4 e5 2. g3 Nf6 3. Bg2 c6 4. Nf3 e4 5. Nd4 d5 6. d3 Bc5 7. Nb3 Bb4+ 8. Bd2
Bxd2+ 9. Qxd2 dxc4 10. dxc4 Qe7 11. Nc3 e3 12. Qxe3 Qxe3 13. fxe3 Ng4 14. Bh3
Ke7 15. Bxg4 Bxg4 16. Nc5 b6 17. Nd3 Nd7 18. b3 Rhe8 19. h3 Be6 20. g4 f6 21.
Kf2 Rad8 22. Rag1 Bf7 23. g5 Kf8 24. h4 Ne5 25. Nf4 f5 26. Ke1 b5 27. cxb5 cxb5
28. Nxb5 Ng4 29. Rh3 Nxe3 30. Nc3 Rd4 31. Rf3 g6 32. Kf2 Kg7 33. Rc1 a6 34. Nd3
Ng4+ 35. Kg3 Ne5 36. Nxe5 Rxe5 37. Rh1 1/2-1/2

[Event "World Cup Knockout ((tie-break)) 2019"]
[Site "Khanty-Mansiysk RUS"]
[Date "2019.09.15"]
[Round "2"]
[White "Abasov, Nijat"]
[Black "Dominguez Perez, Leinier"]
[Result "0-1"]
[WhiteElo "2632"]
[BlackElo "2763"]
[PlyCount "66"]
[EventDate "2019.09.10"]

1. d4 Nf6 2. Bf4 d5 3. e3 e6 4. Nf3 Bd6 5. Bg3 O-O 6. Nbd2 c5 7. c3 Qc7 8. Bd3
Nbd7 9. Qe2 e5 10. dxe5 Nxe5 11. Nxe5 Bxe5 12. Bh4 Bg4 13. Nf3 Ne4 14. h3 Be6
15. Nxe5 Qxe5 16. f4 Qc7 17. g4 f6 18. Rg1 Bf7 19. Bxe4 dxe4 20. g5 f5 21. g6
hxg6 22. Rd1 a5 23. Kf2 Ra6 24. Rd2 Bxa2 25. Rgd1 Be6 26. Kg3 Qf7 27. Rd8 Ra8
28. Rxf8+ Rxf8 29. Rd6 Bc4 30. Qd1 Bd3 31. Qa4 g5 32. fxg5 f4+ 33. Kh2 Qh5 0-1

[Event "World Cup Knockout ((tie-break)) 2019"]
[Site "Khanty-Mansiysk RUS"]
[Date "2019.09.15"]
[Round "2"]
[White "Bok, Benjamin"]
[Black "Grischuk, Alexander"]
[Result "0-1"]
[WhiteElo "2640"]
[BlackElo "2759"]
[PlyCount "72"]
[EventDate "2019.09.10"]

1. d4 Nf6 2. c4 e6 3. Nf3 d5 4. Nc3 Be7 5. Bg5 h6 6. Bh4 O-O 7. e3 b6 8. cxd5
Nxd5 9. Bxe7 Qxe7 10. Nxd5 exd5 11. Be2 Be6 12. Rc1 c5 13. dxc5 bxc5 14. O-O
Nd7 15. Qa4 Rfb8 16. Bb5 a5 17. Bxd7 Bxd7 18. Qa3 Rb4 19. Qc3 Rc8 20. b3 a4 21.
Rfd1 Be6 22. Nd2 axb3 23. Nxb3 Ra4 24. Qb2 Qa7 25. Rd2 c4 26. Nd4 Rb8 27. Qa1
Qa5 28. Rcc2 Rab4 29. Rd1 Bd7 30. Rdc1 Ra4 31. Rd1 Ra3 32. Rdd2 c3 33. Rd3 Rb2
34. Rdxc3 Rbxa2 35. Rxa2 Rxa2 36. Qe1 Ra1 0-1

[Event "World Cup Knockout ((tie-break)) 2019"]
[Site "Khanty-Mansiysk RUS"]
[Date "2019.09.15"]
[Round "2"]
[White "Radjabov, Teimour"]
[Black "Sjugirov, Sanan"]
[Result "1-0"]
[WhiteElo "2758"]
[BlackElo "2662"]
[PlyCount "145"]
[EventDate "2019.09.10"]

1. Nf3 d5 2. d4 Nf6 3. c4 e6 4. Nc3 Nbd7 5. Bg5 h6 6. Bh4 Be7 7. e3 O-O 8. Rc1
c5 9. cxd5 Nxd5 10. Bxe7 Nxe7 11. Be2 b6 12. O-O Bb7 13. dxc5 Nxc5 14. b4 Ne4
15. Nxe4 Bxe4 16. Ne5 Bd5 17. a3 Rc8 18. Qd4 f6 19. Nc4 Qc7 20. Qb2 Rfd8 21.
Rfe1 Qb8 22. Bf1 e5 23. Red1 Be6 24. Rxd8+ Rxd8 25. Nd2 Qd6 26. Ne4 Qd7 27. Nc3
Rc8 28. Rd1 Qc7 29. Nb5 Qb8 30. Qd2 Nc6 31. Rc1 Rd8 32. Qc2 Ne7 33. Bc4 Bxc4
34. Qxc4+ Kh8 35. Qe6 a6 36. Qxe7 axb5 37. h3 Qd6 38. Qf7 Qd3 39. Qc7 Qd6 40.
Qc2 Qd7 41. Qe2 e4 42. Rc3 f5 43. g3 Qd1+ 44. Qxd1 Rxd1+ 45. Kg2 Rd6 46. Rc8+
Kh7 47. Re8 Rd3 48. Re5 Kg6 49. g4 fxg4 50. hxg4 Rxa3 51. Rxb5 Rb3 52. Kg3 Rb2
53. Rxb6+ Kf7 54. b5 g6 55. Kf4 Rxf2+ 56. Kxe4 Rb2 57. Ke5 h5 58. Rb7+ Ke8 59.
g5 h4 60. Ke6 Kd8 61. Kf6 h3 62. Kxg6 h2 63. Rh7 Ke8 64. Rh8+ Ke7 65. e4 Ke6
66. b6 Ke5 67. Kf7 Rxb6 68. Rxh2 Rb7+ 69. Kg6 Rb6+ 70. Kh7 Rb7+ 71. Kh6 Rb8 72.
Rf2 Kxe4 73. g6 1-0

[Event "World Cup Knockout ((tie-break)) 2019"]
[Site "Khanty-Mansiysk RUS"]
[Date "2019.09.15"]
[Round "2"]
[White "Yu, Yangyi"]
[Black "Adhiban, Baskaran"]
[Result "1/2-1/2"]
[WhiteElo "2763"]
[BlackElo "2639"]
[PlyCount "79"]
[EventDate "2019.09.10"]

1. e4 c5 2. Nf3 d6 3. d4 cxd4 4. Nxd4 Nf6 5. Nc3 a6 6. f4 Qc7 7. Bd3 g6 8. Nf3
Bg7 9. O-O Nbd7 10. Qe1 O-O 11. Kh1 e5 12. a4 Nc5 13. Qh4 exf4 14. Bxf4 Be6 15.
e5 Nh5 16. exd6 Qd8 17. Bg5 f6 18. Be3 Qxd6 19. Bc4 Rae8 20. Rad1 Qc7 21. Bd5
Bxd5 22. Nxd5 Qc6 23. Qc4 Ne6 24. Qb3 f5 25. Nd4 Nxd4 26. Bxd4 Kh8 27. Bxg7+
Nxg7 28. Rde1 g5 29. c4 f4 30. a5 Rxe1 31. Rxe1 Re8 32. Rxe8+ Qxe8 33. Qc3 Qe2
34. h3 Kg8 35. Qf6 Qe1+ 36. Kh2 Qg3+ 37. Kh1 Qe1+ 38. Kh2 Qg3+ 39. Kh1 Qe1+ 40.
Kh2 1/2-1/2

[Event "World Cup Knockout ((tie-break)) 2019"]
[Site "Khanty-Mansiysk RUS"]
[Date "2019.09.15"]
[Round "2"]
[White "Svidler, Peter"]
[Black "Esipenko, Andrey"]
[Result "1-0"]
[WhiteElo "2729"]
[BlackElo "2624"]
[PlyCount "77"]
[EventDate "2019.09.10"]

1. e4 c6 2. d4 d5 3. Nd2 dxe4 4. Nxe4 Bf5 5. Ng3 Bg6 6. Nh3 e6 7. Nf4 Bd6 8. c3
Nf6 9. h4 Bxf4 10. Bxf4 h6 11. h5 Bh7 12. Bc4 O-O 13. O-O a5 14. Qf3 Nbd7 15.
Rad1 a4 16. Be2 Re8 17. c4 Qa5 18. Bd2 Qb6 19. Bc3 Qc7 20. Rc1 Rec8 21. Rfd1
Qd8 22. Bb4 Qb6 23. Bc3 Qc7 24. Qe3 Qd6 25. Bf3 b5 26. b3 axb3 27. axb3 Ra3 28.
d5 exd5 29. Bb2 Raa8 30. cxb5 cxb5 31. Rxc8+ Rxc8 32. Qd4 Rc2 33. Nf1 Nb8 34.
Ba1 Nc6 35. Qh4 d4 36. Ne3 Ra2 37. Bxc6 Qxc6 38. Bxd4 Ne4 39. Qd8+ 1-0

[Event "World Cup Knockout ((tie-break)) 2019"]
[Site "Khanty-Mansiysk RUS"]
[Date "2019.09.15"]
[Round "2"]
[White "Huschenbeth, Niclas"]
[Black "Vitiugov, Nikita"]
[Result "0-1"]
[WhiteElo "2620"]
[BlackElo "2732"]
[PlyCount "86"]
[EventDate "2019.09.10"]

1. e4 e5 2. Nf3 Nc6 3. Bb5 a6 4. Ba4 Nf6 5. O-O Be7 6. Re1 b5 7. Bb3 d6 8. c3
O-O 9. d4 Bg4 10. d5 Na5 11. Bc2 c6 12. h3 Bc8 13. dxc6 Qc7 14. Nbd2 Qxc6 15.
Nf1 Nc4 16. a4 Be6 17. Ng5 Bd7 18. b3 Na5 19. Bd2 Qc7 20. Ne3 h6 21. Nf3 bxa4
22. b4 Nb3 23. Bxb3 axb3 24. Qxb3 Qb7 25. c4 Nxe4 26. Nd5 Bf5 27. Be3 Nf6 28.
Nxe7+ Qxe7 29. c5 Rfe8 30. c6 Be4 31. Rec1 Rec8 32. Qa4 Qe8 33. c7 Qxa4 34.
Rxa4 Bxf3 35. gxf3 Nd5 36. b5 Rxc7 37. Rca1 Nxe3 38. fxe3 a5 39. Rb1 Rb7 40. e4
Kf8 41. Kf2 Ke7 42. Ke3 Ke6 43. Rc4 Rab8 0-1

[Event "World Cup Knockout ((tie-break)) 2019"]
[Site "Khanty-Mansiysk RUS"]
[Date "2019.09.15"]
[Round "2"]
[White "Gelfand, Boris"]
[Black "Matlakov, Maxim"]
[Result "1/2-1/2"]
[WhiteElo "2686"]
[BlackElo "2716"]
[PlyCount "70"]
[EventDate "2019.09.10"]

1. c4 e5 2. g3 Nf6 3. Bg2 Bc5 4. d3 d5 5. cxd5 Nxd5 6. Nf3 Nc6 7. O-O O-O 8. a3
a5 9. Nxe5 Bxf2+ 10. Rxf2 Nxe5 11. Nc3 Be6 12. Qa4 c6 13. Qd4 Ng4 14. Rf1 Nxc3
15. bxc3 Qe7 16. Kh1 Rad8 17. Qb6 Bc8 18. Ra2 Qe5 19. Bf4 Qh5 20. Qg1 Rfe8 21.
Bc7 Rd7 22. Bb6 Rd6 23. Rf4 Rh6 24. Bf3 Qxh2+ 25. Qxh2 Nxh2 26. Kg2 Nxf3 27.
Rxf3 Bh3+ 28. Kg1 Bg4 29. Re3 Rxe3 30. Bxe3 Re6 31. Kf2 Rf6+ 32. Ke1 Re6 33.
Kf2 Rf6+ 34. Ke1 Re6 35. Kf2 Rf6+ 1/2-1/2

[Event "World Cup Knockout ((tie-break)) 2019"]
[Site "Khanty-Mansiysk RUS"]
[Date "2019.09.15"]
[Round "2"]
[White "Tabatabaei, M.amin"]
[Black "Xiong, Jeffery"]
[Result "0-1"]
[WhiteElo "2642"]
[BlackElo "2707"]
[PlyCount "54"]
[EventDate "2019.09.10"]

1. d4 d5 2. c4 dxc4 3. e4 e5 4. Nf3 exd4 5. Bxc4 Bb4+ 6. Nbd2 Nc6 7. O-O Nf6 8.
e5 Nd5 9. Nb3 Nb6 10. Bb5 Bd7 11. Bg5 Be7 12. Bxc6 Bxc6 13. Bxe7 Qxe7 14. Nfxd4
Bd5 15. Qg4 h5 16. Qxg7 O-O-O 17. Nf5 Qd7 18. Qf6 Bxg2 19. Nc5 Qb5 20. Rfc1
Rhg8 21. Ng3 Bd5 22. a4 Qb4 23. Qf5+ Nd7 24. a5 h4 25. Ra4 Qd2 26. Qf4 Qxf4 27.
Rxf4 Nxe5 0-1

[Event "World Cup Knockout ((tie-break)) 2019"]
[Site "Khanty-Mansiysk RUS"]
[Date "2019.09.15"]
[Round "2"]
[White "Najer, Evgeniy"]
[Black "Giri, Anish"]
[Result "1/2-1/2"]
[WhiteElo "2635"]
[BlackElo "2780"]
[PlyCount "66"]
[EventDate "2019.09.10"]

1. e4 e5 2. Nf3 Nc6 3. d4 exd4 4. Nxd4 Nf6 5. Nxc6 bxc6 6. Bd3 d5 7. exd5 cxd5
8. O-O Be7 9. c4 d4 10. Bg5 O-O 11. Nd2 a5 12. Nb3 h6 13. Bh4 g5 14. Bg3 c5 15.
Nd2 Bd6 16. Ne4 Nxe4 17. Bxe4 Rb8 18. Qh5 Kg7 19. f4 Rb6 20. Bd5 Be6 21. Bxe6
fxe6 22. Qg4 Qf6 23. Rae1 Qf5 24. Qxf5 exf5 25. fxg5 Bxg3 26. hxg3 Rxb2 27. Re5
Rxa2 28. Rxc5 hxg5 29. Rd5 a4 30. Rxd4 Rc2 31. Ra1 Re8 32. Rxa4 Rc1+ 33. Kf2
Rc2+ 1/2-1/2

[Event "World Cup Knockout ((tie-break)) 2019"]
[Site "Khanty-Mansiysk RUS"]
[Date "2019.09.15"]
[Round "2"]
[White "Najer, Evgeniy"]
[Black "Giri, Anish"]
[Result "0-1"]
[WhiteElo "2635"]
[BlackElo "2780"]
[PlyCount "62"]
[EventDate "2019.09.10"]

1. e4 e5 2. Nc3 Nf6 3. d4 exd4 4. Qxd4 Nc6 5. Qd3 Bb4 6. Nge2 O-O 7. a3 Be7 8.
Bf4 d6 9. O-O-O Be6 10. Kb1 a6 11. Nd5 Bxd5 12. exd5 Ne5 13. Qd4 Ng6 14. Be3 c5
15. dxc6 bxc6 16. Qa4 Ne5 17. Nd4 Nfg4 18. Nxc6 Nxc6 19. Qxg4 Bf6 20. Qe4 Qc7
21. Rd3 Rfe8 22. Qc4 Qd7 23. Qa4 d5 24. g3 Rab8 25. b4 Nxb4 26. Qxd7 Nxd3+ 27.
Ka2 Rb2+ 28. Ka1 Rxc2+ 29. Kb1 Rb2+ 30. Ka1 Rd2+ 31. Kb1 Rb8+ 0-1

[Event "World Cup Knockout ((tie-break)) 2019"]
[Site "Khanty-Mansiysk RUS"]
[Date "2019.09.15"]
[Round "2"]
[White "Giri, Anish"]
[Black "Najer, Evgeniy"]
[Result "0-1"]
[WhiteElo "2780"]
[BlackElo "2635"]
[PlyCount "210"]
[EventDate "2019.09.10"]

1. d4 Nf6 2. c4 e6 3. Nf3 Bb4+ 4. Bd2 c5 5. Bxb4 cxb4 6. e3 a5 7. Be2 O-O 8.
O-O b6 9. a3 Na6 10. axb4 Nxb4 11. Nc3 Bb7 12. Na2 Nc6 13. Qb3 Rb8 14. Nc3 Nb4
15. Na2 Nc6 16. Nc3 Ba6 17. Rfd1 Qe7 18. d5 Nb4 19. d6 Qd8 20. Ne5 Qc8 21. Na2
Nc6 22. Nxc6 Qxc6 23. Nb4 Qc8 24. Nxa6 Qxa6 25. Qc3 Qc8 26. b4 axb4 27. Qxb4
Qc5 28. Qd2 Ra8 29. Rab1 Ne4 30. Qd3 f5 31. Rb5 Ra3 32. Qc2 Qc6 33. Qb2 Ra6 34.
Bf3 Qxc4 35. Bxe4 fxe4 36. Rg5 g6 37. Rc1 Ra2 38. Rxc4 Rxb2 39. h4 Rbxf2 40.
Rxe4 Rf1+ 41. Kh2 Rd1 42. h5 Kg7 43. hxg6 hxg6 44. Reg4 Rf6 45. Rb5 Rxd6 46.
Rgb4 Rf2 47. Rxb6 Rdd2 48. Rg4 Rfe2 49. Rb3 Kf6 50. Rg3 g5 51. Rb8 Rd3 52. Rf8+
Ke7 53. Rff3 d5 54. Rxg5 Rdxe3 55. Rg7+ Kd6 56. Rf8 Re5 57. Kh3 R2e3+ 58. Kh4
Re1 59. g4 Rh1+ 60. Kg3 Re3+ 61. Kf2 Rhe1 62. g5 R1e2+ 63. Kf1 Ra2 64. g6 Rb3
65. Rf2 Ra1+ 66. Kg2 Ra4 67. Rg8 Rg4+ 68. Kf1 Rbg3 69. Rd8+ Ke7 70. Ra8 Rxg6
71. Ra7+ Kd6 72. Ra6+ Ke5 73. Re2+ Kf5 74. Rf2+ Kg5 75. Ke2 Rg4 76. Kd3 Rh6 77.
Rb6 Rf4 78. Re2 Kf5 79. Rb8 Rh3+ 80. Kd2 Rd4+ 81. Kc2 Rc4+ 82. Kd2 Rd4+ 83. Kc2
Re4 84. Rg2 Ra3 85. Rb2 Rae3 86. Kd2 Rf3 87. Rb8 Ke5 88. Rb6 Ra4 89. Rg5+ Rf5
90. Rg6 Rf6 91. Rg5+ Kf4 92. Rxd5 Rh6 93. Rd8 Rh2+ 94. Kc3 Rh3+ 95. Kb2 e5 96.
Rc6 Rb4+ 97. Kc2 Rh2+ 98. Rd2 Rb2+ 99. Kxb2 Rxd2+ 100. Kc1 Rd8 101. Rf6+ Ke3
102. Rh6 e4 103. Rh3+ Kf2 104. Rh2+ Kg3 105. Rh7 e3 0-1

[Event "World Cup Knockout ((tie-break)) 2019"]
[Site "Khanty-Mansiysk RUS"]
[Date "2019.09.15"]
[Round "2"]
[White "Najer, Evgeniy"]
[Black "Giri, Anish"]
[Result "0-1"]
[WhiteElo "2635"]
[BlackElo "2780"]
[PlyCount "76"]
[EventDate "2019.09.10"]

1. c4 e5 2. Nc3 Nf6 3. Nf3 Nc6 4. e4 Bb4 5. d3 d6 6. a3 Bc5 7. b4 Bb6 8. Na4
Bd4 9. Nxd4 Nxd4 10. Nc3 a5 11. b5 O-O 12. Be2 c6 13. O-O cxb5 14. Nxb5 Nxb5
15. cxb5 a4 16. Bb2 Be6 17. f3 Nh5 18. g3 Qg5 19. Bc1 Qg6 20. Kh1 f5 21. f4 Nf6
22. exf5 Bxf5 23. Bb2 Ng4 24. Qd2 e4 25. dxe4 Bxe4+ 26. Kg1 Rac8 27. Rac1 d5
28. Bd4 Nxh2 29. Kxh2 Qh6+ 30. Kg1 Qh1+ 31. Kf2 Qg2+ 32. Ke1 Qxg3+ 33. Bf2 Qxa3
34. Rxc8 Rxc8 35. Rg1 Rc1+ 36. Bd1 Bf3 37. Rxg7+ Kxg7 38. Bd4+ Kg8 0-1

[Event "FIDE World Cup 2019"]
[Site "Khanty-Mansiysk RUS"]
[Date "2019.09.16"]
[Round "5"]
[White "Firouzja, Alireza"]
[Black "Ding, Liren"]
[Result "1/2-1/2"]
[WhiteElo "2702"]
[BlackElo "2811"]
[PlyCount "46"]
[EventDate "2019.09.10"]

1. d4 Nf6 2. c4 e6 3. Nc3 Bb4 4. f3 c5 5. d5 O-O 6. e4 b5 7. Nh3 bxc4 8. Bxc4
Nxd5 9. Bxd5 exd5 10. Qxd5 Nc6 11. O-O Ba6 12. Rf2 Re8 13. Bg5 Qb6 14. Be3 Ne5
15. Na4 Qa5 16. b3 c4 17. Nf4 Bb5 18. Nb2 cxb3 19. Qxb3 Rab8 20. Qd5 Qa3 21.
Qb3 Qa5 22. Qd5 Qa3 23. Qb3 Qa5 1/2-1/2

[Event "FIDE World Cup 2019"]
[Site "Khanty-Mansiysk RUS"]
[Date "2019.09.16"]
[Round "5"]
[White "Giri, Anish"]
[Black "Xiong, Jeffery"]
[Result "1/2-1/2"]
[WhiteElo "2780"]
[BlackElo "2707"]
[PlyCount "89"]
[EventDate "2019.09.10"]

1. Nf3 d5 2. d4 Nf6 3. c4 dxc4 4. e3 e6 5. Bxc4 c5 6. O-O Nc6 7. Nc3 a6 8. Re1
h6 9. d5 exd5 10. Nxd5 Ne4 11. Nc3 Nxc3 12. bxc3 Be7 13. Bd5 Bf6 14. Bxc6+ bxc6
15. Qxd8+ Kxd8 16. Rd1+ Kc7 17. e4 g5 18. Be3 Be7 19. Ne5 Be6 20. f4 Bd6 21.
Nd3 c4 22. Nc5 gxf4 23. Rab1 Bc8 24. Bd4 Re8 25. Kf2 Rb8 26. Rxb8 Kxb8 27. Kf3
Rg8 28. Rb1+ Kc7 29. e5 Be7 30. Rb2 h5 31. Ne4 Be6 32. Bc5 Bxc5 33. Nxc5 Rg4
34. Nxa6+ Kc8 35. Rb8+ Kd7 36. Rb7+ Kc8 37. Rb8+ Kd7 38. Nc5+ Kc7 39. Rb7+ Kc8
40. Ra7 Bd5+ 41. Ne4 Rg5 42. Rxf7 Rxe5 43. Rxf4 Kc7 44. Ke3 c5 45. h4 1/2-1/2

[Event "FIDE World Cup 2019"]
[Site "Khanty-Mansiysk RUS"]
[Date "2019.09.16"]
[Round "5"]
[White "Jakovenko, Dmitry"]
[Black "Vachier-Lagrave, Maxime"]
[Result "1/2-1/2"]
[WhiteElo "2681"]
[BlackElo "2774"]
[PlyCount "63"]
[EventDate "2019.09.10"]

1. Nf3 Nf6 2. c4 c5 3. g3 g6 4. Bg2 Bg7 5. d4 cxd4 6. Nxd4 O-O 7. Nc3 Qc7 8.
Qd3 Nc6 9. O-O d6 10. Nxc6 bxc6 11. Bf4 Nh5 12. Bg5 Rb8 13. b3 Qa5 14. Bd2 Bb7
15. b4 Qc7 16. Rab1 Nf6 17. Bf4 Ng4 18. c5 Ne5 19. cxd6 exd6 20. Bxe5 Bxe5 21.
Rfc1 Qe7 22. e3 Rfd8 23. a4 d5 24. Ne2 Ba8 25. Nd4 Rxb4 26. Nxc6 Bxc6 27. Rxb4
Qxb4 28. Rxc6 Qxa4 29. Rc5 Qa1+ 30. Bf1 Qa2 31. Bg2 Qa1+ 32. Bf1 1/2-1/2

[Event "FIDE World Cup 2019"]
[Site "Khanty-Mansiysk RUS"]
[Date "2019.09.16"]
[Round "5"]
[White "So, Wesley"]
[Black "Vidit, Santosh Gujrathi"]
[Result "1-0"]
[WhiteElo "2767"]
[BlackElo "2718"]
[PlyCount "185"]
[EventDate "2019.09.10"]

1. d4 Nf6 2. Nf3 d5 3. c4 e6 4. Nc3 Bb4 5. Qa4+ Nc6 6. e3 O-O 7. Qc2 Re8 8. Bd2
a6 9. a3 Bd6 10. Rd1 Bd7 11. h3 h6 12. c5 Bf8 13. Ne5 Nxe5 14. dxe5 Ne4 15.
Nxe4 dxe4 16. Ba5 Qc8 17. g4 Bc6 18. Bg2 Rd8 19. Rxd8 Qxd8 20. Bxe4 Bxe4 21.
Qxe4 Bxc5 22. Qxb7 Rb8 23. Qxc7 Qxc7 24. Bxc7 Rxb2 25. O-O Rc2 26. Bd6 Bxd6 27.
exd6 Rd2 28. Rb1 Rxd6 29. Rb8+ Kh7 30. Rb7 Kg6 31. Ra7 Kf6 32. h4 Rc6 33. Kg2
g5 34. Kg3 gxh4+ 35. Kxh4 Kg6 36. a4 Rc2 37. Kg3 Rc6 38. a5 Kf6 39. e4 Kg6 40.
f3 Kf6 41. Kf4 e5+ 42. Kg3 Kg7 43. Ra8 Kh7 44. Rd8 Kg7 45. Ra8 Kh7 46. Kf2 Kg7
47. Kg2 Rc2+ 48. Kg3 Rc6 49. Ra7 Kf8 50. Kf2 Kg7 51. Kg2 Rc2+ 52. Kg3 Rc6 53.
Rd7 Kf8 54. Rd5 Re6 55. Rc5 Ke8 56. Kh4 Kf8 57. Kh5 Kg7 58. g5 hxg5 59. Kxg5
Rh6 60. Kf5 Rf6+ 61. Kxe5 Rxf3 62. Rc6 Rh3 63. Kd5 Rd3+ 64. Kc5 Re3 65. Kd4 Ra3
66. Rxa6 Ra1 67. e5 Rd1+ 68. Kc5 Rc1+ 69. Kd5 Rd1+ 70. Kc6 Re1 71. Rb6 Rxe5 72.
a6 Re7 73. Rb7 Re6+ 74. Kb5 Re5+ 75. Kb6 Re6+ 76. Ka5 Re5+ 77. Rb5 Re7 78. Rc5
Kg6 79. Kb6 f5 80. a7 Re8 81. Kb7 Kg5 82. Rc8 Re7+ 83. Kb8 Rxa7 84. Kxa7 Kf4
85. Kb6 Ke3 86. Re8+ Kd3 87. Rf8 Ke4 88. Kc5 f4 89. Kc4 Ke3 90. Kc3 f3 91. Re8+
Kf2 92. Kd2 Kf1 93. Ke3 1-0